000 00491pab a2200181 454500
008 180718b2007 xxu||||| |||| 00| 0 eng d
100 _aCoursey, David H.
245 _aPublic service motivation measurement: testing an abridged version of Perry's proposed scale
260 _c2007
300 _ap.547-68.
362 _aSep
650 _aMotivation
650 _aCivil service
700 _aPandey, Sanjay K.
773 _aAdministration and Society
908 _aN
909 _a75830
999 _c75830
_d75830